| 000 | 01004nam a2200265 i 4500 | ||
|---|---|---|---|
| 001 | 98434 | ||
| 003 | ES-MaACL | ||
| 005 | 20250824065257.0 | ||
| 007 | t| | ||
| 008 | 050829s1969 sp ||||1| spa d | ||
| 080 | _a82-24"16" | ||
| 100 | 1 |
_aShakespeare, William, _d1564-1616 _9105992 |
|
| 245 | 1 | 0 |
_aRepresentación del Enrique V : _bbasada en la obra dramática de William Shakespeare / _cadaptación de Roberto Pallavicini, Virgilio Puecher, Roberto Sanesi ; traducción de Manuel Pérez Estremera. |
| 260 |
_aMadrid : _bCuadernos para el Diálogo, _c1969. |
||
| 300 |
_a723 p. ; _c18 cm. |
||
| 490 | 1 |
_aLibros de teatro ; _v17 |
|
| 700 | 1 |
_aPérez Estremera, Manuel. _990855 |
|
| 700 | 1 |
_aSanesi, Roberto. _9103127 |
|
| 700 | 1 |
_aPuecher, Virginio. _994129 |
|
| 700 | 1 |
_aPallavicini, Roberto. _988591 |
|
| 710 | 2 |
_aCuadernos para el Diálogo. _93333 |
|
| 830 | 1 | 0 |
_aLibros de teatro (Cuadernos para el Diálogo) _v17 _9180757 |
| 852 |
_aES-MaACL _jC-36489 |
||
| 999 |
_c98434 _d98434 |
||